| Поле | Инд. | ПП | Название | Значение |
|---|---|---|---|---|
| Тип записи | a | |||
| Библиографический уровень | b | |||
| 001 | Контрольный номер | RU/IS/BASE/102693537 | ||
| 005 | Дата корректировки | 20200522190635.2 | ||
| 084 | a | Индекс другой классификации/Индекс ББК | 20.1(235.7) | |
| 100 | 10 | a | Автор | Шахраманьян М. А. |
| 100 | 1_ | a | Автор | Козлов К. А. |
| 100 | 1_ | a | Автор | Акимов В. А. |
| 245 | 00 | a | Заглавие | Северо-Кавказский регион: опасности природного и техногенного характера |
| 504 | 00 | a | Библиография | Библиогр.: с. 12 |
| 650 | a | Основная рубрика | экология | |
| 653 | 00 | a | Ключевые слова | взрывы |
| a | Ключевые слова | гидродинамическая опасность | ||
| a | Ключевые слова | загрязнение вод | ||
| a | Ключевые слова | загрязнение окружающей среды | ||
| a | Ключевые слова | наводнения | ||
| a | Ключевые слова | пожары | ||
| a | Ключевые слова | промышленная экология | ||
| a | Ключевые слова | радиационное загрязнение | ||
| a | Ключевые слова | регионы России | ||
| a | Ключевые слова | Россия | ||
| a | Ключевые слова | Северо-Кавказский район | ||
| a | Ключевые слова | техногенные загрязнения | ||
| a | Ключевые слова | урбоэкология (экология города) | ||
| a | Ключевые слова | химическое загрязнение | ||
| a | Ключевые слова | чрезвычайные ситуации | ||
| 773 | 00 | t | Заглавие источника | Экология и промышленность России |
| d | Дата издания источника | 2000 | ||
| g | Прочая информация | № 2. - С. 8 - 12 : к.; табл. | ||
| w | Контрольный № источника | RU/IS/BASE/102691339 | ||
| 901 | t | Тип документа | b |